Wattle bark: (Record no. 508394)

000 -LEADER
fixed length control field 00348nam a22001097a 4500
082 ## - DEWEY DECIMAL CLASSIFICATION NUMBER
Classification number T2x5452
100 ## - MAIN ENTRY--PERSONAL NAME
Personal name Choudary, K. Seshachalam
9 (RLIN) 3716
245 ## - TITLE STATEMENT
Title Wattle bark:
Remainder of title its use and cultivation in South India
Statement of responsibility, etc by K. Seshachalam Choudary
260 ## - PUBLICATION, DISTRIBUTION, ETC. (IMPRINT)
Place of publication, distribution, etc Madras
Name of publisher, distributor, etc Government Press
Date of publication, distribution, etc 1927
300 ## - PHYSICAL DESCRIPTION
Extent 28p.
700 ## - ADDED ENTRY--PERSONAL NAME
Personal name Madras. Department of Industries
9 (RLIN) 3715
Holdings
Withdrawn status Lost status Source of classification or shelving scheme Damaged status Koha normalized classification for sorting Not for loan Permanent location Current location Date acquired Full call number Barcode Date last seen Price effective from Koha item type
        T_2X5452   Indian Institute of Public Administration Indian Institute of Public Administration 2019-03-22 T2x5452 GG33631 2019-03-22 2019-03-22 GG

Powered by Koha